[Event "RA Winter op2"]
[Site "Ottawa CAN"]
[Date "2012.11.18"]
[Round "4"]
[White "Sambuev, Bator"]
[Black "Upper, John"]
[Result "1-0"]
[WhiteElo "2700"]
[BlackElo "2280"]
[PlyCount "75"]
[GameId "2160767909411417"]
[EventDate "2012.11.16"]
[EventType "swiss"]
[EventRounds "5"]
[EventCountry "CAN"]
[SourceTitle "EXT 2022"]
[Source "ChessBase"]
[SourceDate "2021.10.06"]
[SourceVersion "1"]
[SourceVersionDate "2021.10.06"]
[SourceQuality "1"]

1. d4 d5 2. Nf3 Nf6 3. e3 c6 4. c4 Bg4 5. cxd5 cxd5 6. Nc3 Nc6 7. Qb3 Rb8 8. Ne5 e6 9. Bb5 Bd6 10. Qa4 Bxe5 11. dxe5 Ne4 12. O-O Qb6 13. Nxe4 dxe4 14. b3 O-O 15. Ba3 Nxe5 16. Bxf8 Rxf8 17. Rfc1 Bf5 18. Rc3 Ng6 19. Be2 Qd8 20. Rac1 e5 21. g4 Nh4 22. Qb5 Nf3+ 23. Bxf3 exf3 24. Qxe5 Bxg4 25. Qg3 Be6 26. Qxf3 Bd5 27. Qf5 Bc6 28. Rd3 Qe7 29. Rd4 g6 30. Qf4 Qa3 31. Rc2 Qa5 32. Rcd2 a6 33. f3 Qc3 34. Kf2 Qa5 35. b4 Qh5 36. Rd8 g5 37. Rxf8+ Kxf8 38. Rd8+ 1-0

[Event "RA Winter op2"]
[Site "Ottawa CAN"]
[Date "2012.11.18"]
[Round "4"]
[White "Valdizon, Armando"]
[Black "Voloaca, Mihnea"]
[Result "0-1"]
[WhiteElo "2244"]
[BlackElo "2327"]
[PlyCount "58"]
[GameId "2160767909411418"]
[EventDate "2012.11.16"]
[EventType "swiss"]
[EventRounds "5"]
[EventCountry "CAN"]
[SourceTitle "EXT 2022"]
[Source "ChessBase"]
[SourceDate "2021.10.06"]
[SourceVersion "1"]
[SourceVersionDate "2021.10.06"]
[SourceQuality "1"]

1. Nf3 Nf6 2. g3 g6 3. b3 Bg7 4. Bb2 O-O 5. Bg2 d5 6. c4 c6 7. d3 a5 8. Nbd2 a4 9. b4 a3 10. Bc3 Nbd7 11. Rc1 Re8 12. Nb3 e5 13. O-O e4 14. Nfd4 dxc4 15. dxc4 Ne5 16. Na5 e3 17. f3 Qc7 18. Qb3 Bd7 19. Rfd1 h5 20. b5 h4 21. f4 hxg3 22. hxg3 Neg4 23. bxc6 bxc6 24. Naxc6 Ne4 25. Bxe4 Rxe4 26. Ba5 Qc8 27. Qb6 Ra6 28. Qd8+ Qxd8 29. Nxd8 Rxa5 0-1

[Event "RA Winter op2"]
[Site "Ottawa CAN"]
[Date "2012.11.18"]
[Round "5"]
[White "Donev, Danail"]
[Black "Smilovici, Emil"]
[Result "1-0"]
[WhiteElo "2070"]
[BlackElo "2046"]
[PlyCount "65"]
[GameId "2160767909411419"]
[EventDate "2012.11.16"]
[EventType "swiss"]
[EventRounds "5"]
[EventCountry "CAN"]
[SourceTitle "EXT 2022"]
[Source "ChessBase"]
[SourceDate "2021.10.06"]
[SourceVersion "1"]
[SourceVersionDate "2021.10.06"]
[SourceQuality "1"]

1. e4 e5 2. Nf3 Nc6 3. d4 exd4 4. Nxd4 Nf6 5. Nxc6 bxc6 6. e5 Qe7 7. Qe2 Nd5 8. c4 Ba6 9. Nd2 g6 10. b3 Bg7 11. Bb2 O-O 12. O-O-O Rfe8 13. Qe4 Nb6 14. f4 Rab8 15. h4 d5 16. Qc2 c5 17. cxd5 Bxf1 18. Rdxf1 Nxd5 19. Qe4 Rbd8 20. Nc4 Qe6 21. h5 Nf6 22. Qf3 Nd5 23. hxg6 fxg6 24. g4 Nb4 25. f5 Qa6 26. f6 Rf8 27. f7+ Kh8 28. Rxh7+ Kxh7 29. Rh1+ Bh6+ 30. g5 Nxa2+ 31. Kb1 Nb4 32. Rxh6+ Kg7 33. e6+ 1-0

[Event "RA Winter op2"]
[Site "Ottawa CAN"]
[Date "2012.11.18"]
[Round "5"]
[White "Sambuev, Bator"]
[Black "Marinkovic, Mate"]
[Result "1-0"]
[WhiteElo "2700"]
[BlackElo "2243"]
[PlyCount "63"]
[GameId "2160767909411420"]
[EventDate "2012.11.16"]
[EventType "swiss"]
[EventRounds "5"]
[EventCountry "CAN"]
[SourceTitle "EXT 2022"]
[Source "ChessBase"]
[SourceDate "2021.10.06"]
[SourceVersion "1"]
[SourceVersionDate "2021.10.06"]
[SourceQuality "1"]

1. d4 d5 2. Nf3 Nf6 3. e3 c6 4. c4 Bg4 5. cxd5 Bxf3 6. Qxf3 cxd5 7. Nc3 e6 8. Bd3 Nbd7 9. O-O Be7 10. Bd2 O-O 11. Qh3 Rc8 12. f4 Nb6 13. f5 exf5 14. Rxf5 g6 15. Raf1 Nc4 16. Bc1 Nd6 17. Re5 Nc4 18. Rxe7 Qxe7 19. Qh4 Rc6 20. e4 Nxb2 21. Bxb2 Qb4 22. Nxd5 Nxd5 23. exd5 Rd6 24. Bc1 Rxd5 25. Be3 Qc3 26. Qe4 Rdd8 27. Bb5 a6 28. Ba4 b5 29. Bb3 a5 30. Qe7 h5 31. Bxf7+ Kh7 32. Be8+ 1-0

[Event "RA Winter op2"]
[Site "Ottawa CAN"]
[Date "2012.11.18"]
[Round "5"]
[White "Upper, John"]
[Black "Sadeghi, Saeid"]
[Result "1-0"]
[WhiteElo "2280"]
[BlackElo "2013"]
[PlyCount "98"]
[GameId "2160767909411421"]
[EventDate "2012.11.16"]
[EventType "swiss"]
[EventRounds "5"]
[EventCountry "CAN"]
[SourceTitle "EXT 2022"]
[Source "ChessBase"]
[SourceDate "2021.10.06"]
[SourceVersion "1"]
[SourceVersionDate "2021.10.06"]
[SourceQuality "1"]

1. d4 Nf6 2. c4 e6 3. Nc3 Bb4 4. Qc2 O-O 5. a3 Bxc3+ 6. Qxc3 Ne4 7. Qc2 f5 8. g3 b6 9. Bg2 Bb7 10. Nf3 d5 11. cxd5 exd5 12. O-O Nd7 13. b4 Rc8 14. Qb3 c6 15. Ne1 Ba6 16. Nd3 Bc4 17. Qd1 Nc3 18. Qc2 Ne4 19. Bb2 Nd6 20. Ne5 f4 21. Bh3 Rc7 22. a4 Nxe5 23. dxe5 Ne4 24. Bg2 Ng5 25. Ra3 f3 26. exf3 Bxf1 27. Kxf1 c5 28. bxc5 bxc5 29. f4 Ne6 30. Qd3 Kh8 31. Qa6 Qb8 32. Bc3 Qb1+ 33. Be1 Nd4 34. Bxd5 Nc2 35. Re3 Nxe3+ 36. fxe3 Qb6 37. Qc4 Rd8 38. e4 Rcc8 39. Bc3 Qb1+ 40. Kg2 Qc2+ 41. Kh3 Qd1 42. e6 Qh5+ 43. Kg2 Qe8 44. f5 Qe7 45. Be5 Rb8 46. Qc3 Rf8 47. h4 c4 48. Qf3 Rb3 49. Qf4 Rbb8 1-0

[Event "RA Winter op2"]
[Site "Ottawa CAN"]
[Date "2012.11.18"]
[Round "5"]
[White "Valdizon, Armando"]
[Black "Gelblum, Robert"]
[Result "1/2-1/2"]
[WhiteElo "2244"]
[BlackElo "2223"]
[PlyCount "79"]
[GameId "2160767909411422"]
[EventDate "2012.11.16"]
[EventType "swiss"]
[EventRounds "5"]
[EventCountry "CAN"]
[SourceTitle "EXT 2022"]
[Source "ChessBase"]
[SourceDate "2021.10.06"]
[SourceVersion "1"]
[SourceVersionDate "2021.10.06"]
[SourceQuality "1"]

1. d4 Nf6 2. Bg5 Ne4 3. Bf4 c5 4. f3 Qa5+ 5. c3 Nf6 6. d5 Qb6 7. Bc1 e6 8. e4 c4 9. Bxc4 Bc5 10. Nh3 exd5 11. Bxd5 Nxd5 12. Qxd5 O-O 13. b4 Be3 14. Nd2 Qg6 15. g4 d6 16. Qd3 Qh6 17. Nf2 Bxf2+ 18. Kxf2 Qh4+ 19. Kg2 Nc6 20. Qxd6 Rd8 21. Qf4 Be6 22. Nb3 Rd3 23. Qg5 Qxg5 24. Bxg5 Bxb3 25. axb3 Rxc3 26. b5 Nd4 27. Rhd1 Nxb5 28. b4 Rac8 29. Rd7 Rc2+ 30. Kg3 h6 31. Be3 R2c3 32. Bxa7 Ra8 33. Rxb7 Nd6 34. Rb8+ Rxb8 35. Bxb8 Nxe4+ 36. Kg2 Rc2+ 37. Kh3 Ng5+ 38. Kg3 Rc3 39. Rf1 Rb3 40. h4 1/2-1/2

[Event "RA Winter op2"]
[Site "Ottawa CAN"]
[Date "2012.11.18"]
[Round "5"]
[White "Voloaca, Mihnea"]
[Black "Hambleton, Aman"]
[Result "0-1"]
[WhiteElo "2327"]
[BlackElo "2546"]
[PlyCount "104"]
[GameId "2160767909411423"]
[EventDate "2012.11.16"]
[EventType "swiss"]
[EventRounds "5"]
[EventCountry "CAN"]
[SourceTitle "EXT 2022"]
[Source "ChessBase"]
[SourceDate "2021.10.06"]
[SourceVersion "1"]
[SourceVersionDate "2021.10.06"]
[SourceQuality "1"]

1. c4 c5 2. Nc3 b6 3. Nf3 Bb7 4. e4 e6 5. g3 Nf6 6. d3 Nc6 7. Bg2 Be7 8. O-O d6 9. a3 O-O 10. Re1 Nd7 11. d4 cxd4 12. Nxd4 Nxd4 13. Qxd4 a6 14. Be3 Rc8 15. Rac1 Qc7 16. a4 Nc5 17. Qd1 Bf6 18. Bf4 Be5 19. Bg5 h6 20. Be3 Bc6 21. b4 Bxc3 22. Rxc3 Nxa4 23. Rc1 Qd7 24. Qg4 e5 25. Qh5 Qe7 26. Re2 b5 27. Rec2 Bd7 28. Bf1 Rfd8 29. Bd3 Qe8 30. Qh4 Kh7 31. f4 f6 32. f5 Rc7 33. cxb5 Rxc2 34. Rxc2 Bxb5 35. Rc7 Rd7 36. Bxb5 axb5 37. Rc2 Qf7 38. Qg4 d5 39. exd5 Rxd5 40. Rc7 h5 41. Qe2 Qe8 42. Qf3 e4 43. Qf4 Rd7 44. Rxd7 Qxd7 45. Qxe4 Qd1+ 46. Kg2 Qe2+ 47. Kh3 Nc3 48. Qe6 Qf1+ 49. Kh4 Qf3 50. Kh3 Ne4 51. Qb6 Qf1+ 52. Kh4 Qxf5 0-1

[Event "RA Winter op2 U1900"]
[Site "Ottawa CAN"]
[Date "2012.11.16"]
[Round "1"]
[White "Dunne, Francesco"]
[Black "Ritchie, Gordon"]
[Result "1-0"]
[WhiteElo "1848"]
[BlackElo "2019"]
[PlyCount "55"]
[GameId "2160767909411424"]
[EventDate "2012.11.16"]
[EventType "swiss"]
[EventRounds "5"]
[EventCountry "CAN"]

1. e4 d5 2. exd5 Qxd5 3. Nc3 Qd6 4. d4 Nf6 5. Nf3 a6 6. g3 Bg4 7. Bf4 Qb6 8. Qd3 Nc6 9. O-O-O O-O-O 10. Bg2 Nb4 11. Qe2 e6 12. h3 Bh5 13. g4 Bg6 14. Rd2 Nfd5 15. Nxd5 Nxd5 16. Bh2 Nc3 17. Qc4 Bb4 18. bxc3 Ba3+ 19. Kd1 Be4 20. Qb3 Qa5 21. Nh4 Bd5 22. c4 Bxg2 23. Nxg2 Bd6 24. Bxd6 Rxd6 25. c5 Rc6 26. Ne3 b5 27. a3 Rd8 28. Qb4 1-0

[Event "RA Winter op2 U1900"]
[Site "Ottawa CAN"]
[Date "2012.11.18"]
[Round "4"]
[White "Yang, Ryan2"]
[Black "Laszlo, Robert"]
[Result "1-0"]
[WhiteElo "1866"]
[BlackElo "1826"]
[PlyCount "41"]
[GameId "2160767909411425"]
[EventDate "2012.11.16"]
[EventType "swiss"]
[EventRounds "5"]
[EventCountry "CAN"]

1. c4 c6 2. Nc3 d5 3. cxd5 cxd5 4. d4 Nf6 5. Nf3 a6 6. g3 Nc6 7. Bg2 e6 8. O-O Be7 9. Bf4 O-O 10. Rc1 Nh5 11. Ne5 Nxf4 12. gxf4 f6 13. Nxc6 bxc6 14. Qb3 Qd6 15. e3 e5 16. Nxd5 Be6 17. Rxc6 Qd7 18. Nxe7+ Qxe7 19. Rxe6 Qf7 20. Bxa8 Rxa8 21. Rb6 1-0

[Event "Riedstra mem"]
[Site "Kitchener CAN"]
[Date "2012.03.09"]
[Round "1"]
[White "Birarov, Vladimir"]
[Black "Pelekekae, Oanthata"]
[Result "1-0"]
[WhiteElo "2263"]
[BlackElo "1977"]
[PlyCount "67"]
[GameId "2160767909575978"]
[EventDate "2012.03.09"]
[EventType "swiss"]
[EventRounds "5"]
[EventCountry "CAN"]
[SourceTitle "EXT 2022"]
[Source "ChessBase"]
[SourceDate "2021.10.06"]
[SourceVersion "1"]
[SourceVersionDate "2021.10.06"]
[SourceQuality "1"]

1. d4 d5 2. Nf3 Nf6 3. c4 e6 4. g3 Bb4+ 5. Nbd2 O-O 6. Bg2 c5 7. O-O Nc6 8. cxd5 Nxd4 9. Nxd4 cxd4 10. dxe6 fxe6 11. Nf3 Bc5 12. Bf4 Qb6 13. Rb1 Bd7 14. b4 Bxb4 15. a3 a5 16. axb4 a4 17. Qxd4 Qxd4 18. Nxd4 Nd5 19. Bxd5 exd5 20. Rfc1 Rfc8 21. b5 Rc4 22. Rxc4 dxc4 23. Kf1 Be8 24. Ra1 a3 25. Ra2 Rd8 26. e3 Ra8 27. Bd6 Ra5 28. Rxa3 Rxa3 29. Bxa3 Bf7 30. Ke2 Bd5 31. f3 g6 32. e4 Bf7 33. Kd2 Kg7 34. Kc3 1-0

[Event "Riedstra mem"]
[Site "Kitchener CAN"]
[Date "2012.03.09"]
[Round "1"]
[White "Drkulec, Vladimir"]
[Black "Calugar, Arthur"]
[Result "0-1"]
[WhiteElo "2071"]
[BlackElo "2386"]
[PlyCount "100"]
[GameId "2160767909575979"]
[EventDate "2012.03.09"]
[EventType "swiss"]
[EventRounds "5"]
[EventCountry "CAN"]
[SourceTitle "EXT 2022"]
[Source "ChessBase"]
[SourceDate "2021.10.06"]
[SourceVersion "1"]
[SourceVersionDate "2021.10.06"]
[SourceQuality "1"]

1. d4 Nf6 2. c4 g6 3. g3 Bg7 4. Bg2 d5 5. cxd5 Nxd5 6. Nf3 Nc6 7. O-O O-O 8. e4 Nb6 9. d5 Na5 10. Nc3 c6 11. dxc6 Nxc6 12. h3 Be6 13. a4 Na5 14. Bg5 Qe8 15. Nd5 Bxd5 16. exd5 h6 17. Bd2 Nac4 18. Bc3 Nxb2 19. Qb3 N2xa4 20. Bxg7 Kxg7 21. Nd2 Qd7 22. Rfd1 Rac8 23. g4 Nc3 24. Re1 Nbxd5 25. Rxa7 Nf4 26. Nf1 Qd4 27. Rxb7 Nce2+ 28. Rxe2 Nxe2+ 29. Kh2 Qxf2 30. Qe3 Qxe3 31. Nxe3 e6 32. h4 Rc3 33. Nd1 Rc1 34. Rd7 Rfc8 35. Be4 Nc3 36. Nxc3 R8xc3 37. h5 gxh5 38. gxh5 Kf6 39. Bh7 Ra3 40. Rd2 Kg7 41. Be4 f5 42. Bg2 Kf6 43. Re2 e5 44. Bd5 e4 45. Rf2 Ke5 46. Bf7 f4 47. Bg6 Rd3 48. Ra2 Rdc3 49. Ra5+ Rc5 50. Ra4 R5c2+ 0-1

[Event "Riedstra mem"]
[Site "Kitchener CAN"]
[Date "2012.03.09"]
[Round "1"]
[White "Ivanov, Mike"]
[Black "Zybura, Andre"]
[Result "1-0"]
[WhiteElo "2157"]
[BlackElo "1924"]
[PlyCount "71"]
[GameId "2160767909575980"]
[EventDate "2012.03.09"]
[EventType "swiss"]
[EventRounds "5"]
[EventCountry "CAN"]
[SourceTitle "EXT 2022"]
[Source "ChessBase"]
[SourceDate "2021.10.06"]
[SourceVersion "1"]
[SourceVersionDate "2021.10.06"]
[SourceQuality "1"]

1. Nc3 e5 2. Nf3 Nc6 3. d4 exd4 4. Nxd4 Nf6 5. Bg5 Be7 6. Nf5 g6 7. Nxe7 Qxe7 8. Nd5 Nxd5 9. Bxe7 Ndxe7 10. e4 a6 11. h4 h5 12. Bc4 d6 13. Qe2 Bg4 14. f3 Bd7 15. O-O-O O-O-O 16. Bxa6 bxa6 17. Qxa6+ Kb8 18. Rd3 Nc8 19. a4 Nb6 20. Rb3 Bc8 21. Rxb6+ cxb6 22. Qxb6+ Bb7 23. a5 Kc8 24. Rd1 Rd7 25. a6 Ba8 26. b4 Rhd8 27. b5 Ne5 28. f4 Nc4 29. Qd4 d5 30. b6 Bc6 31. Qc5 Rd6 32. exd5 Nxb6 33. Qxb6 Bxd5 34. Qa5 Kb8 35. c4 Bxc4 36. Qb4+ 1-0

[Event "Riedstra mem"]
[Site "Kitchener CAN"]
[Date "2012.03.09"]
[Round "1"]
[White "Ochkoos, Jura"]
[Black "Raats, Daniel"]
[Result "1-0"]
[WhiteElo "2330"]
[BlackElo "2066"]
[PlyCount "83"]
[GameId "2160767909575981"]
[EventDate "2012.03.09"]
[EventType "swiss"]
[EventRounds "5"]
[EventCountry "CAN"]

1. e4 e6 2. d4 d5 3. e5 c5 4. c3 Nc6 5. Nf3 Bd7 6. Be2 f6 7. O-O Qc7 8. Re1 fxe5 9. Nxe5 Nxe5 10. dxe5 O-O-O 11. Nd2 Qxe5 12. Nf3 Qc7 13. b4 Nf6 14. Bg5 Bd6 15. Bh4 Rde8 16. bxc5 Bf4 17. c4 Ne4 18. cxd5 Nc3 19. Qd4 Nxe2+ 20. Rxe2 exd5 21. Rae1 Rxe2 22. Rxe2 Re8 23. Rxe8+ Bxe8 24. Qxd5 Qd7 25. Qe4 Bg6 26. Qe1 Bh5 27. Bg3 Bxg3 28. hxg3 Qd5 29. Qe7 Qf7 30. Qe4 Bg6 31. Qa4 Kb8 32. a3 Qe8 33. Qd4 Qf8 34. Ne5 Bf5 35. c6 bxc6 36. Nxc6+ Kb7 37. Nxa7 Qf6 38. Qxf6 gxf6 39. Nb5 Bd3 40. Nc3 Kc6 41. f3 Kc5 42. Ne4+ 1-0

[Event "Riedstra mem"]
[Site "Kitchener CAN"]
[Date "2012.03.09"]
[Round "1"]
[White "Peng, Jackie"]
[Black "Sambuev, Bator"]
[Result "0-1"]
[WhiteElo "2110"]
[BlackElo "2694"]
[PlyCount "102"]
[GameId "2160767909575982"]
[EventDate "2012.03.09"]
[EventType "swiss"]
[EventRounds "5"]
[EventCountry "CAN"]
[SourceTitle "EXT 2022"]
[Source "ChessBase"]
[SourceDate "2021.10.06"]
[SourceVersion "1"]
[SourceVersionDate "2021.10.06"]
[SourceQuality "1"]

1. e4 e6 2. d4 d5 3. e5 c5 4. Nf3 Nc6 5. c3 Qb6 6. a3 Nh6 7. Bd3 cxd4 8. cxd4 Nf5 9. Bxf5 exf5 10. Nc3 Be6 11. O-O Be7 12. Qd3 O-O 13. b4 Rfc8 14. Be3 Qd8 15. Rfc1 h6 16. Nd2 Qd7 17. f4 b6 18. Nf3 a6 19. h3 Nb8 20. Kh2 Ra7 21. b5 axb5 22. Nxb5 Ra4 23. Nd2 Nc6 24. Qb3 Rc4 25. Nxc4 dxc4 26. Qd1 Nb4 27. Nc3 Nd5 28. Nxd5 Bxd5 29. Bd2 b5 30. Bb4 Bxb4 31. axb4 c3 32. Ra3 Rc4 33. Raxc3 Rxb4 34. Rc8+ Kh7 35. Qd2 Ra4 36. R8c5 b4 37. R5c2 b3 38. Rb2 Be6 39. Rd1 Qd5 40. Qd3 Kg8 41. Rdb1 Rxd4 42. Qa6 Rd3 43. Qb6 Kh7 44. Qb4 Qe4 45. Qxe4 fxe4 46. g4 g6 47. Kg2 h5 48. f5 Bd5 49. Kf2 Rxh3 50. gxh5 gxf5 51. Ke2 f4 0-1

[Event "Riedstra mem"]
[Site "Kitchener CAN"]
[Date "2012.03.09"]
[Round "1"]
[White "Song, Guannan Terry"]
[Black "Itkin, David"]
[Result "1-0"]
[WhiteElo "1938"]
[BlackElo "2171"]
[PlyCount "105"]
[GameId "2160767909575983"]
[EventDate "2012.03.09"]
[EventType "swiss"]
[EventRounds "5"]
[EventCountry "CAN"]
[SourceTitle "EXT 2022"]
[Source "ChessBase"]
[SourceDate "2021.10.06"]
[SourceVersion "1"]
[SourceVersionDate "2021.10.06"]
[SourceQuality "1"]

1. e4 c5 2. Nf3 d6 3. d4 cxd4 4. Nxd4 Nf6 5. Nc3 Nc6 6. Be3 Ng4 7. Nxc6 bxc6 8. Bc1 Qb6 9. Qe2 g6 10. f3 Nf6 11. Rb1 Bg7 12. Be3 Qa5 13. Qd2 Rb8 14. Bc4 Ng4 15. Nd1 Qxd2+ 16. Bxd2 Ne5 17. Bb3 O-O 18. Bc3 Ba6 19. Ne3 e6 20. f4 Nd7 21. Bxg7 Kxg7 22. Bc4 Bxc4 23. Nxc4 d5 24. Nd6 dxe4 25. Nxe4 Rb4 26. Nf2 Rxf4 27. O-O Nb6 28. Nd3 Rxf1+ 29. Rxf1 f6 30. Nc5 Re8 31. Rd1 e5 32. Rd6 Rc8 33. Ne6+ Kf7 34. Rxc6 Re8 35. Nc5 Re7 36. Ne4 f5 37. Nd6+ Kg7 38. c4 e4 39. Kf2 Na4 40. b4 e3+ 41. Ke1 e2 42. Rc7 Rxc7 43. Ne8+ Kf7 44. Nxc7 Nc3 45. a3 Ke7 46. Nb5 Nxb5 47. cxb5 Kd6 48. Kxe2 Kd5 49. Kd3 g5 50. a4 h5 51. a5 h4 52. a6 h3 53. gxh3 1-0

[Event "Riedstra mem"]
[Site "Kitchener CAN"]
[Date "2012.03.09"]
[Round "1"]
[White "Song, Michael"]
[Black "Posaratnanathan, Juliaan"]
[Result "1-0"]
[WhiteElo "2175"]
[BlackElo "1926"]
[PlyCount "89"]
[GameId "2160767909575984"]
[EventDate "2012.03.09"]
[EventType "swiss"]
[EventRounds "5"]
[EventCountry "CAN"]
[SourceTitle "EXT 2022"]
[Source "ChessBase"]
[SourceDate "2021.10.06"]
[SourceVersion "1"]
[SourceVersionDate "2021.10.06"]
[SourceQuality "1"]

1. d4 Nf6 2. c4 e6 3. g3 Bb4+ 4. Bd2 Qe7 5. Nf3 Nc6 6. Bg2 Bxd2+ 7. Nbxd2 e5 8. d5 Nb8 9. O-O a5 10. e4 d6 11. Ne1 Na6 12. Nd3 Bd7 13. Qe2 h5 14. f4 Bg4 15. Qf2 Nb4 16. Ne1 h4 17. a3 hxg3 18. Qxg3 Na6 19. fxe5 Qxe5 20. Qxe5+ dxe5 21. b4 Ke7 22. Nc2 Rh4 23. Ne3 Rah8 24. bxa5 Nc5 25. Rab1 g6 26. Rb5 Nfd7 27. Nb3 b6 28. Nxc5 bxc5 29. Rf2 Bh3 30. Bf3 Rf4 31. Bh1 Rfh4 32. Bf3 f5 33. exf5 gxf5 34. d6+ Kxd6 35. Rd2+ Rd4 36. Rxd4+ exd4 37. Nd1 c6 38. Rb3 Bg4 39. Bxg4 fxg4 40. Nf2 Rg8 41. Rb7 g3 42. Ne4+ Ke6 43. hxg3 Ra8 44. a6 Ke5 45. Nf2 1-0

[Event "Riedstra mem"]
[Site "Kitchener CAN"]
[Date "2012.03.10"]
[Round "2"]
[White "Calugar, Arthur"]
[Black "Song, Michael"]
[Result "1/2-1/2"]
[WhiteElo "2386"]
[BlackElo "2175"]
[PlyCount "60"]
[GameId "2160767909575987"]
[EventDate "2012.03.09"]
[EventType "swiss"]
[EventRounds "5"]
[EventCountry "CAN"]
[SourceTitle "EXT 2022"]
[Source "ChessBase"]
[SourceDate "2021.10.06"]
[SourceVersion "1"]
[SourceVersionDate "2021.10.06"]
[SourceQuality "1"]

1. Nf3 d6 2. b3 e5 3. e3 f5 4. Bb2 Nf6 5. c4 Be7 6. g3 O-O 7. Bg2 c6 8. d3 Nbd7 9. Nc3 Qe8 10. Qe2 a5 11. O-O Qh5 12. Nh4 Qxe2 13. Nxe2 Nc5 14. Rfd1 e4 15. Nd4 Ng4 16. h3 Ne5 17. Nhxf5 Bxf5 18. Nxf5 Rxf5 19. d4 Ned3 20. Ba3 Nxf2 21. Rf1 Ncd3 22. Bxe4 Rg5 23. Rxf2 Rxg3+ 24. Rg2 Rxe3 25. Bf5 Bf6 26. Rd1 Bxd4 27. Kh1 Rae8 28. Bxd6 Re1+ 29. Rxe1 Rxe1+ 30. Kh2 Be5+ 1/2-1/2

[Event "Riedstra mem"]
[Site "Kitchener CAN"]
[Date "2012.03.10"]
[Round "2"]
[White "Itkin, David"]
[Black "Gladstone, Simon"]
[Result "1-0"]
[WhiteElo "2171"]
[BlackElo "2066"]
[PlyCount "85"]
[GameId "2160767909575988"]
[EventDate "2012.03.09"]
[EventType "swiss"]
[EventRounds "5"]
[EventCountry "CAN"]
[SourceTitle "EXT 2022"]
[Source "ChessBase"]
[SourceDate "2021.10.06"]
[SourceVersion "1"]
[SourceVersionDate "2021.10.06"]
[SourceQuality "1"]

1. e4 e6 2. d4 d5 3. Nc3 Nf6 4. Bg5 Be7 5. e5 Ne4 6. Nxe4 dxe4 7. Bxe7 Qxe7 8. c3 c5 9. dxc5 Nd7 10. Qg4 e3 11. fxe3 Qxc5 12. Qd4 Qxe5 13. Nf3 Qxd4 14. exd4 Nb6 15. Bd3 Bd7 16. O-O f6 17. Rae1 O-O 18. Nd2 Rae8 19. Ne4 Re7 20. Nc5 Bc8 21. Rf2 a6 22. Rfe2 Rfe8 23. Bc2 Kf7 24. Bb3 f5 25. Re5 Kf6 26. a4 Nd5 27. Rf1 b6 28. Ne4+ Kg6 29. Nd6 Nf6 30. Nxc8 Rxc8 31. Bxe6 Rce8 32. Bxf5+ Kf7 33. Rfe1 Rxe5 34. Rxe5 Rxe5 35. dxe5 Nd5 36. Kf2 g6 37. Bh3 h5 38. Kf3 Ke7 39. Ke4 Nc7 40. g3 a5 41. Bf1 Ne6 42. Kd5 Ng5 43. Bd3 1-0

[Event "Riedstra mem"]
[Site "Kitchener CAN"]
[Date "2012.03.10"]
[Round "2"]
[White "Ivanov, Mike"]
[Black "Ochkoos, Jura"]
[Result "1-0"]
[WhiteElo "2186"]
[BlackElo "2330"]
[PlyCount "53"]
[GameId "2160767909575989"]
[EventDate "2012.03.09"]
[EventType "swiss"]
[EventRounds "5"]
[EventCountry "CAN"]
[SourceTitle "EXT 2022"]
[Source "ChessBase"]
[SourceDate "2021.10.06"]
[SourceVersion "1"]
[SourceVersionDate "2021.10.06"]
[SourceQuality "1"]

1. Nc3 d5 2. e4 e6 3. Nf3 Nf6 4. e5 Nfd7 5. Ne2 c5 6. c3 Nc6 7. d4 b5 8. Nf4 Qb6 9. a3 b4 10. axb4 cxd4 11. Nxd4 Ncxe5 12. Be3 Qb8 13. Ra2 Be7 14. Be2 O-O 15. Qa1 Bb7 16. b3 Nf6 17. Nb5 a6 18. Nd4 Neg4 19. Bxa6 Bxa6 20. Nc6 Qb7 21. Nxe7+ Kh8 22. Bc5 e5 23. h3 exf4 24. hxg4 Rfe8 25. Kd2 Ne4+ 26. Kc2 Nxc5 27. Rxh7+ 1-0

[Event "Riedstra mem"]
[Site "Kitchener CAN"]
[Date "2012.03.10"]
[Round "2"]
[White "Jung, Hans"]
[Black "Song, Guannan Terry"]
[Result "1-0"]
[WhiteElo "2298"]
[BlackElo "1938"]
[PlyCount "89"]
[GameId "2160767909575990"]
[EventDate "2012.03.09"]
[EventType "swiss"]
[EventRounds "5"]
[EventCountry "CAN"]
[SourceTitle "EXT 2022"]
[Source "ChessBase"]
[SourceDate "2021.10.06"]
[SourceVersion "1"]
[SourceVersionDate "2021.10.06"]
[SourceQuality "1"]

1. Nc3 Nf6 2. g3 d5 3. Bg2 e5 4. d3 b6 5. Nxd5 Nxd5 6. c4 Bb7 7. cxd5 Bxd5 8. Qa4+ c6 9. Nf3 b5 10. Qc2 Bb4+ 11. Bd2 Bxd2+ 12. Qxd2 c5 13. e4 Bb7 14. Nxe5 Nc6 15. Nxc6 Bxc6 16. Qc3 Qd4 17. Rc1 O-O-O 18. Qxc5 Qxc5 19. Rxc5 Kb7 20. Ke2 Rd6 21. Rhc1 Rh6 22. Rxc6 Rxc6 23. e5 Rhc8 24. Ke3 Kb6 25. Rxc6+ Rxc6 26. Bxc6 Kxc6 27. Kd4 h5 28. f4 g6 29. b4 a6 30. a3 h4 31. gxh4 Kd7 32. Kd5 Ke7 33. d4 Kd7 34. f5 gxf5 35. h5 f4 36. Ke4 Ke7 37. d5 f5+ 38. Kxf4 Kf7 39. Kxf5 Kg7 40. e6 a5 41. bxa5 b4 42. axb4 Kh6 43. e7 Kxh5 44. e8=Q+ Kh4 45. Qh8# 1-0

[Event "Riedstra mem"]
[Site "Kitchener CAN"]
[Date "2012.03.10"]
[Round "2"]
[White "Posaratnanathan, Juliaan"]
[Black "Drkulec, Vladimir"]
[Result "1-0"]
[WhiteElo "1926"]
[BlackElo "2071"]
[PlyCount "101"]
[GameId "2160767909575992"]
[EventDate "2012.03.09"]
[EventType "swiss"]
[EventRounds "5"]
[EventCountry "CAN"]
[SourceTitle "EXT 2022"]
[Source "ChessBase"]
[SourceDate "2021.10.06"]
[SourceVersion "1"]
[SourceVersionDate "2021.10.06"]
[SourceQuality "1"]

1. e4 c5 2. Nf3 d6 3. d4 cxd4 4. Nxd4 a6 5. c4 g6 6. Nc3 Bg7 7. Be3 Nf6 8. Be2 O-O 9. O-O Nc6 10. f3 Bd7 11. Qd2 Rc8 12. Nxc6 Bxc6 13. Nd5 b5 14. Bb6 Qd7 15. Bd4 Nxd5 16. cxd5 Bb7 17. Bxg7 Kxg7 18. Rfc1 Rxc1+ 19. Rxc1 Rc8 20. Rc3 f6 21. Qc1 Rxc3 22. Qxc3 Qd8 23. Kf2 Qb6+ 24. Qe3 Qc5 25. Qxc5 dxc5 26. a4 bxa4 27. Ke3 Kf7 28. Kd3 a5 29. Kc3 f5 30. Bb5 fxe4 31. fxe4 Kf6 32. Kc4 Ke5 33. Kxc5 a3 34. bxa3 Bc8 35. Bc6 Ba6 36. Kb6 Bd3 37. Kxa5 Bxe4 38. Kb6 Kd6 39. a4 Bd3 40. a5 Bf1 41. Bb5 Bxg2 42. Bc4 e6 43. dxe6 g5 44. a6 h5 45. Bb5 h4 46. e7 Kxe7 47. Bc6 h3 48. a7 Bxc6 49. Kxc6 g4 50. Kc7 g3 51. hxg3 1-0